Music Quiz

Random Music or Artist Quiz

100 Greatest Artists of All Time Quiz Stats

 Plays Quiz not verified by Sporcle

Challenge
Share
Tweet
Embed
Score 0/100 Timer 20:00
0 Plays Today
Rank Artist % Correct
1The Beatles
97.2%
3Elvis Presley
95.7%
35Michael Jackson
90.4%
4Rolling Stones
88.1%
11Bob Marley
86%
9Aretha Franklin
80.7%
2Bob Dylan
80.3%
6Jimi Hendrix
79.9%
27Nirvana
77.9%
38John Lennon
77.8%
15Stevie Wonder
74.8%
14Led Zeppelin
73.5%
49Elton John
73.3%
39David Bowie
73%
12The Beach Boys
72.8%
7James Brown
72.5%
36Madonna
71.8%
23Bruce Springsteen
71.4%
28Prince
70.4%
31Johnny Cash
69.6%
42Van Morrison
69.4%
22U2
68.1%
13Buddy Holly
65.6%
5Chuck Berry
65%
10Ray Charles
64.6%
72AC/DC
62.3%
29The Who
61.8%
58Sex Pistols
59.2%
53Eric Clapton
58.4%
21Otis Redding
58.1%
30The Clash
57.9%
24Jerry Lee Lewis
56.9%
40Simon and Garfunkel
53.9%
41The Doors
53.6%
Rank Artist % Correct
26The Ramones
53%
92Guns n Roses
52.7%
75The Eagles
52.4%
48Run-DMC
52.2%
82Eminem
52%
77Beastie Boys
51.9%
66Cream
51.8%
18Marvin Gaye
51.4%
97Diana Ross and the Supremes
51.4%
85Black Sabbath
51.2%
95Lynyrd Skynyrd
49.3%
8Little Richard
46.4%
44Public Enemy
46.2%
67The Temptations
44.4%
34Neil Young
44.3%
50The Band
42.6%
57Aerosmith
42%
83N.W.A
40.8%
54Dr. Dre
39.9%
46Janis Joplin
38.3%
86Tupac Shakur
38%
55Grateful Dead
37%
89The Yardbirds
36.7%
64The Kinks
35.6%
88Miles Davis
33.6%
74Hank Williams
32.7%
52Allman Brothers Band
32.5%
17Muddy Waters
32.1%
45The Byrds
31%
70The Police
30.3%
62Etta James
30.2%
47Patti Smith
30.1%
43Sly and the Family Stone
30%
16Sam Cooke
29.7%
Rank Artist % Correct
19The Velvet Underground
29.4%
73Radiohead
29.1%
63Phil Spector
27.6%
79The Four Tops
25.6%
61Tina Turner
25.1%
60Joni Mitchell
24.9%
65Al Green
24.8%
25Fats Domino
23.2%
37Roy Orbison
23.2%
32Smokey Robinson & The Miracles
22.6%
84James Taylor
21.9%
69Carl Perkins
21.3%
80Elvis Costello
20.2%
78The Stooges
19%
33The Everly Brothers
18.1%
20Bo Diddley
17.8%
94Nine Inch Nails
17.5%
76The Shirelles
17.4%
71Frank Zappa
16%
56Parliament Funkadelic
14.9%
90Carlos Santana
13.7%
51Howlin' Wolf
12.8%
99Curtis Mayfield
12%
93Booker T. and the MG's
10.7%
81The Drifters
10.3%
96Martha and the Vandellas
9.7%
87Gram Parsons
8.7%
68Jackie Wilson
8.4%
91Ricky Nelson
7.6%
100Lee 'Scratch' Perry
6.3%
98Roxy Music
6.3%
59Louis Jordan
3.7%

You're not logged in!

Compare scores with friends on all Sporcle quizzes.
Join for Free
OR
Log In

You Might Also Like...

Show Comments

Extras

Top Quizzes Today


Score Distribution

Your Account Isn't Verified!

In order to create a playlist on Sporcle, you need to verify the email address you used during registration. Go to your Sporcle Settings to finish the process.

Report this User

Report this user for behavior that violates our Community Guidelines.

Details: